Sport en Images - B - Statistiques

Statistiques générales
  • Ce quiz a été pris 255 fois
  • Le résultat moyen est 14 sur 20
Statistiques - réponses
Par images Hint Réponse % Correct
Discipline Badminton
94%
Discipline Basketball
94%
Discipline Beach Volley
92%
Type de nage Brasse Coulée
91%
Discipline Baseball
90%
Sportif Karim Benzema
89%
Muscle Biceps
88%
Club de Liga FC Barcelone
87%
Sportif Usain Bolt
87%
Diffuseur Bein Sports
80%
Discipline Bobsleigh
78%
Modèle / Discipline BMX
77%
Sportif Kobe Bryant
74%
Championnat Bundesliga
69%
Terme technique Balise
58%
Club de Top 14 Bordeaux-Bègles
54%
Club de Premier League AFC Bournemouth
53%
Equipement Babolat
33%
Terme technique Buzzer Beater
32%
Compétition BNP Paribas Showdown
1%
Aucun quiz correspondant
Distribution des résultats
% des personnes avec chaque résultat
Percentile par nombre de réponses
Votre historique - résultats
Vous n’avez pas pris ce quiz